[Event "Quebec-ch U20"]
[Site "Montreal CAN"]
[Date "2017.04.21"]
[Round "1"]
[White "Saha, Ananda"]
[Black "Chang, Alexander"]
[Result "1-0"]
[WhiteElo "2161"]
[BlackElo "1664"]
[WhiteFideId "-1"]
[WhiteFideId "-1"]
[PlyCount "117"]
[GameId "2160767908411808"]
[EventDate "2017.04.21"]
[EventType "swiss"]
[EventRounds "5"]
[EventCountry "CAN"]
[SourceTitle "EXT 2022"]
[Source "ChessBase"]
[SourceDate "2021.10.06"]
[SourceVersion "1"]
[SourceVersionDate "2021.10.06"]
[SourceQuality "1"]

1. d4 d5 2. c4 e6 3. Nc3 Be7 4. Nf3 Nf6 5. Bf4 O-O 6. e3 c5 7. cxd5 exd5 8. Be2 Bf5 9. O-O c4 10. Ne5 a6 11. a4 Nc6 12. g4 Be6 13. Nxc6 bxc6 14. f3 Qb6 15. Qd2 c5 16. a5 Qc6 17. Bd1 cxd4 18. exd4 Ne8 19. Na4 Nc7 20. Nb6 Rad8 21. Bxc7 Qxc7 22. f4 f6 23. f5 Bf7 24. Bf3 Rfe8 25. Qg2 Qd6 26. Rfe1 Kh8 27. Re2 g6 28. fxg6 hxg6 29. Rae1 Kg7 30. Qf2 Kf8 31. Qh4 Kg7 32. Bxd5 Bxd5 33. Nxd5 Rd7 34. Rxe7+ Rexe7 35. Rxe7+ Rxe7 36. Nxe7 Qxe7 37. Qf2 Qb4 38. d5 Qxa5 39. Qa7+ Kf8 40. Qb8+ Ke7 41. Qb7+ Kd8 42. Qa8+ Ke7 43. Qb7+ Kd8 44. b4 cxb3 45. Qxb3 Qb5 46. Qf3 Qb6+ 47. Kg2 Ke7 48. h4 Kf7 49. h5 gxh5 50. gxh5 Qb2+ 51. Kh3 Qe5 52. Kh4 Qg5+ 53. Kh3 Qe5 54. h6 Kg6 55. Qg3+ Kxh6 56. Qxe5 fxe5 57. d6 Kg6 58. d7 Kf7 59. d8=Q 1-0

[Event "Quebec-ch U20"]
[Site "Montreal CAN"]
[Date "2017.04.21"]
[Round "1"]
[White "Tsukerman, Julia"]
[Black "Durette, Francis"]
[Result "0-1"]
[WhiteElo "1544"]
[BlackElo "2134"]
[WhiteFideId "-1"]
[WhiteFideId "-1"]
[PlyCount "52"]
[GameId "2160767908411809"]
[EventDate "2017.04.21"]
[EventType "swiss"]
[EventRounds "5"]
[EventCountry "CAN"]
[SourceTitle "EXT 2022"]
[Source "ChessBase"]
[SourceDate "2021.10.06"]
[SourceVersion "1"]
[SourceVersionDate "2021.10.06"]
[SourceQuality "1"]

1. e4 e5 2. Nf3 Nc6 3. Bb5 a6 4. Ba4 Nf6 5. d3 d6 6. c3 Be7 7. O-O O-O 8. h3 b5 9. Bb3 Na5 10. Bc2 c5 11. Nh2 d5 12. exd5 Qxd5 13. Bg5 Re8 14. Nf3 Bb7 15. Qe2 Nh5 16. Bxe7 Rxe7 17. b4 cxb4 18. cxb4 Nc6 19. Nc3 Nd4 20. Qd1 Nxf3+ 21. Qxf3 Qxf3 22. gxf3 Rc8 23. Rac1 Rxc3 24. Bb1 Rxc1 25. Rxc1 Nf4 26. Kh2 g6 0-1

[Event "Quebec-ch U20"]
[Site "Montreal CAN"]
[Date "2017.04.21"]
[Round "1"]
[White "Turgeon, Yoakim"]
[Black "Ouellet, Maili-Jade"]
[Result "0-1"]
[WhiteElo "1773"]
[BlackElo "2170"]
[WhiteFideId "-1"]
[WhiteFideId "-1"]
[PlyCount "78"]
[GameId "2160767908411810"]
[EventDate "2017.04.21"]
[EventType "swiss"]
[EventRounds "5"]
[EventCountry "CAN"]
[SourceTitle "EXT 2022"]
[Source "ChessBase"]
[SourceDate "2021.10.06"]
[SourceVersion "1"]
[SourceVersionDate "2021.10.06"]
[SourceQuality "1"]

1. d4 d5 2. e3 Nf6 3. Bd3 c5 4. c3 Nc6 5. f4 Qc7 6. Nf3 Bg4 7. O-O e6 8. Qe1 Bxf3 9. Rxf3 Bd6 10. Na3 a6 11. b3 b5 12. dxc5 Bxc5 13. b4 Bd6 14. Nc2 e5 15. e4 exf4 16. exd5+ Ne7 17. a4 bxa4 18. Rxa4 Nfxd5 19. c4 Nb6 20. c5 Bxc5+ 21. bxc5 Nxa4 22. Bxf4 Qxc5+ 23. Be3 Qd6 24. Bf4 Qd7 25. Qe4 Rd8 26. Re3 Nc5 27. Qe5 Ne6 28. Bg3 Kf8 29. Rf3 Ng6 30. Qf5 Kg8 31. Bc4 Ngf8 32. Ne3 h5 33. Bh4 Re8 34. Nd5 Rh6 35. Rg3 Qa7+ 36. Kh1 Ng6 37. Nf4 Nexf4 38. Rxg6 Nxg6 39. Bg5 Rh8 0-1

[Event "Quebec-ch U20"]
[Site "Montreal CAN"]
[Date "2017.04.21"]
[Round "1"]
[White "Yu, Zong Yang"]
[Black "Tanaka, Tyler"]
[Result "1-0"]
[WhiteElo "2462"]
[BlackElo "1959"]
[WhiteFideId "-1"]
[WhiteFideId "-1"]
[PlyCount "111"]
[GameId "2160767908411811"]
[EventDate "2017.04.21"]
[EventType "swiss"]
[EventRounds "5"]
[EventCountry "CAN"]
[SourceTitle "EXT 2022"]
[Source "ChessBase"]
[SourceDate "2021.10.06"]
[SourceVersion "1"]
[SourceVersionDate "2021.10.06"]
[SourceQuality "1"]

1. d4 Nf6 2. c4 g6 3. Nc3 Bg7 4. e4 d6 5. Be2 O-O 6. Nf3 e5 7. O-O Nc6 8. d5 Ne7 9. Bg5 h6 10. Bxf6 Bxf6 11. b4 Bg7 12. c5 f5 13. Nd2 Rf7 14. Nc4 a6 15. a4 g5 16. a5 Ng6 17. Bh5 Rf6 18. cxd6 cxd6 19. g3 Nf8 20. Rc1 f4 21. Nb6 Rb8 22. Kg2 Nh7 23. Nb1 Rf8 24. Bg4 Bxg4 25. Qxg4 Qe7 26. Nd7 Nf6 27. Nxf6+ Qxf6 28. Rc7 Rf7 29. Rfc1 Rbf8 30. Rxf7 Qxf7 31. Rc8 Qg6 32. Nd2 h5 33. Qd7 g4 34. Rxf8+ Bxf8 35. h3 Bh6 36. Qc8+ Kh7 37. Qxb7+ Kg8 38. Qc8+ Kg7 39. Qd7+ Kg8 40. hxg4 hxg4 41. Qf5 Qxf5 42. exf5 f3+ 43. Nxf3 gxf3+ 44. Kxf3 Bd2 45. b5 Bxa5 46. bxa6 Bb6 47. g4 Kf7 48. g5 Kg7 49. Kg3 e4 50. Kf4 Bxf2 51. Kxe4 Kf7 52. Kd3 Ke7 53. f6+ Kf7 54. Kc4 Kg6 55. Kb5 Bc5 56. Kc6 1-0

[Event "Quebec-ch U20"]
[Site "Montreal CAN"]
[Date "2017.04.22"]
[Round "2"]
[White "Durette, Francis"]
[Black "Huang, Qiuyu"]
[Result "1/2-1/2"]
[WhiteElo "2134"]
[BlackElo "2159"]
[WhiteFideId "-1"]
[WhiteFideId "-1"]
[PlyCount "85"]
[GameId "2160767908411814"]
[EventDate "2017.04.21"]
[EventType "swiss"]
[EventRounds "5"]
[EventCountry "CAN"]
[SourceTitle "EXT 2022"]
[Source "ChessBase"]
[SourceDate "2021.10.06"]
[SourceVersion "1"]
[SourceVersionDate "2021.10.06"]
[SourceQuality "1"]

1. e4 c5 2. Nf3 Nc6 3. d4 cxd4 4. Nxd4 g6 5. c4 Bg7 6. Be3 Nf6 7. Nc3 d6 8. Be2 O-O 9. O-O Bd7 10. f4 Nxd4 11. Bxd4 Bc6 12. Bf3 Nd7 13. Rc1 a5 14. b3 Bxd4+ 15. Qxd4 Qb6 16. Qxb6 Nxb6 17. Nd5 Bxd5 18. cxd5 Rac8 19. Bg4 Rc5 20. Rxc5 dxc5 21. Rc1 f5 22. exf5 gxf5 23. Bf3 Rc8 24. Re1 Rc7 25. Re5 Nc8 26. Rxf5 b5 27. Rg5+ Kf7 28. Be4 h6 29. Rg6 Nd6 30. Bc2 c4 31. Rg3 cxb3 32. Bg6+ Kf6 33. axb3 Nf5 34. Bxf5 Kxf5 35. Rh3 Ra7 36. d6 Kxf4 37. dxe7 Rxe7 38. Rxh6 Ra7 39. Rb6 a4 40. bxa4 bxa4 41. Kf2 a3 42. Rb1 a2 43. Ra1 1/2-1/2

[Event "Quebec-ch U20"]
[Site "Montreal CAN"]
[Date "2017.04.22"]
[Round "2"]
[White "Guipi Bopala, Prince Eric jr"]
[Black "Tsukerman, Julia"]
[Result "1-0"]
[WhiteElo "1832"]
[BlackElo "1544"]
[WhiteFideId "-1"]
[WhiteFideId "-1"]
[PlyCount "89"]
[GameId "2160767908411815"]
[EventDate "2017.04.21"]
[EventType "swiss"]
[EventRounds "5"]
[EventCountry "CAN"]
[SourceTitle "EXT 2022"]
[Source "ChessBase"]
[SourceDate "2021.10.06"]
[SourceVersion "1"]
[SourceVersionDate "2021.10.06"]
[SourceQuality "1"]

1. d4 Nf6 2. c4 g6 3. Nc3 Bg7 4. e4 d6 5. f3 O-O 6. Be3 e5 7. Nge2 Nc6 8. d5 Ne7 9. Qd2 a5 10. g4 Bd7 11. Ng3 Be8 12. h4 Nd7 13. h5 f6 14. hxg6 Bxg6 15. Bh6 Rf7 16. Nf5 Bxf5 17. gxf5 Bxh6 18. Qxh6 Qf8 19. Qh2 Rg7 20. Be2 Kh8 21. O-O-O Nc5 22. Bf1 Qf7 23. Bh3 Rag8 24. Bg4 Rg5 25. Ne2 Qg7 26. Ng3 Nd7 27. Qe2 b6 28. Rh3 Rc8 29. Rdh1 Nf8 30. Nh5 Qf7 31. f4 exf4 32. Nxf4 Rg7 33. Bh5 Qg8 34. Qh2 c6 35. Ne6 Nxe6 36. dxe6 Rg2 37. Qf4 Rg1+ 38. Rxg1 Qxg1+ 39. Bd1 d5 40. Qh4 Qg7 41. e5 Rf8 42. Rg3 dxc4 43. Rxg7 Kxg7 44. exf6+ Rxf6 45. Qg5+ 1-0

[Event "Quebec-ch U20"]
[Site "Montreal CAN"]
[Date "2017.04.22"]
[Round "2"]
[White "Liu, Kevin1"]
[Black "Turgeon, Yoakim"]
[Result "1/2-1/2"]
[WhiteElo "1438"]
[BlackElo "1773"]
[WhiteFideId "-1"]
[WhiteFideId "-1"]
[PlyCount "71"]
[GameId "2160767908411816"]
[EventDate "2017.04.21"]
[EventType "swiss"]
[EventRounds "5"]
[EventCountry "CAN"]
[SourceTitle "EXT 2022"]
[Source "ChessBase"]
[SourceDate "2021.10.06"]
[SourceVersion "1"]
[SourceVersionDate "2021.10.06"]
[SourceQuality "1"]

1. e4 e5 2. Nf3 Nc6 3. Nc3 Nf6 4. d4 exd4 5. Nxd4 Bc5 6. Be3 Bb6 7. Bc4 O-O 8. O-O d6 9. Nxc6 bxc6 10. Bxb6 axb6 11. h3 b5 12. Bb3 b4 13. Ne2 Nxe4 14. Qd4 Nc5 15. Qxb4 Nxb3 16. axb3 Bf5 17. Qc3 c5 18. Nf4 Qg5 19. Qf3 Rxa1 20. Rxa1 Bxc2 21. Ra8 Qe7 22. Rxf8+ Kxf8 23. Qc3 Bg6 24. Qa5 c6 25. Qb6 Qd7 26. Qa5 Bf5 27. Qd2 Be6 28. h4 c4 29. Qc2 g6 30. Qc3 Kg8 31. Qg3 Qe7 32. Kh2 d5 33. Nh5 Kf8 34. Qb8+ Qe8 35. Qd6+ Qe7 36. Qb8+ 1/2-1/2

[Event "Quebec-ch U20"]
[Site "Montreal CAN"]
[Date "2017.04.22"]
[Round "2"]
[White "Ouellet, Maili-Jade"]
[Black "Yu, Zong Yang"]
[Result "1/2-1/2"]
[WhiteElo "2170"]
[BlackElo "2462"]
[WhiteFideId "-1"]
[WhiteFideId "-1"]
[PlyCount "169"]
[GameId "2160767908411817"]
[EventDate "2017.04.21"]
[EventType "swiss"]
[EventRounds "5"]
[EventCountry "CAN"]
[SourceTitle "EXT 2022"]
[Source "ChessBase"]
[SourceDate "2021.10.06"]
[SourceVersion "1"]
[SourceVersionDate "2021.10.06"]
[SourceQuality "1"]

1. d4 Nf6 2. c4 e6 3. Nc3 Bb4 4. Qc2 O-O 5. a3 Bxc3+ 6. Qxc3 d5 7. Bg5 c5 8. dxc5 d4 9. Qg3 Nbd7 10. Bh6 Nh5 11. Qg5 Qxg5 12. Bxg5 Nxc5 13. Be7 Nb3 14. Bxf8 Nxa1 15. Be7 Nb3 16. e3 Bd7 17. Be2 Nf6 18. Bd1 Na5 19. exd4 Nxc4 20. b3 Na5 21. Bxf6 gxf6 22. Kd2 Bc6 23. Ne2 Kf8 24. f3 Rc8 25. Bc2 Ke7 26. Re1 Bd5 27. Rb1 Kd6 28. Nf4 h6 29. Kd3 f5 30. Bd1 Nc6 31. b4 Ne7 32. Bb3 Bxb3 33. Rxb3 Rc1 34. Rc3 Rd1+ 35. Ke3 a6 36. h3 Ra1 37. Kd3 Ra2 38. g4 fxg4 39. hxg4 f6 40. Ke4 Ra1 41. Ke3 f5 42. Ke2 Ra2+ 43. Ke3 Ra1 44. Ke2 fxg4 45. fxg4 Nc6 46. Rd3 e5 47. dxe5+ Kxe5 48. Ke3 Re1+ 49. Ne2 Nd4 50. Rxd4 Rxe2+ 51. Kxe2 Kxd4 52. Kf3 Kc3 53. Kf4 Kb3 54. Kf5 Kxa3 55. Kg6 Kxb4 56. Kxh6 a5 57. g5 a4 58. g6 a3 59. g7 a2 60. g8=Q a1=Q 61. Qf8+ Kb5 62. Qe8+ Kb6 63. Qe3+ Ka6 64. Qd3+ Ka7 65. Qe3+ b6 66. Kg6 Qa2 67. Kf6 Qc4 68. Ke5 Qb5+ 69. Kd6 Ka6 70. Qa3+ Qa5 71. Qd3+ b5 72. Kc5 Qc7+ 73. Kb4 Qf4+ 74. Kb3 Qf7+ 75. Kb4 Qe7+ 76. Kb3 Qe5 77. Ka3 Qa1+ 78. Kb3 Qa4+ 79. Kb2 Qb4+ 80. Ka2 Qf4 81. Kb3 Qe5 82. Ka3 Qe7+ 83. Kb3 Qc5 84. Kb2 Ka5 85. Qa3+ 1/2-1/2

[Event "Quebec-ch U20"]
[Site "Montreal CAN"]
[Date "2017.04.22"]
[Round "3"]
[White "Chang, Alexander"]
[Black "Zhong, Kevin"]
[Result "0-1"]
[WhiteElo "1664"]
[BlackElo "1913"]
[WhiteFideId "-1"]
[WhiteFideId "-1"]
[PlyCount "122"]
[GameId "2160767908411819"]
[EventDate "2017.04.21"]
[EventType "swiss"]
[EventRounds "5"]
[EventCountry "CAN"]
[SourceTitle "EXT 2022"]
[Source "ChessBase"]
[SourceDate "2021.10.06"]
[SourceVersion "1"]
[SourceVersionDate "2021.10.06"]
[SourceQuality "1"]

1. d4 d5 2. Bf4 c5 3. e3 cxd4 4. exd4 Nc6 5. Nf3 Bf5 6. c3 e6 7. Bd3 Bxd3 8. Qxd3 Bd6 9. Bxd6 Qxd6 10. O-O Nge7 11. Re1 O-O 12. Nbd2 Rfe8 13. b4 Ng6 14. Nb3 e5 15. dxe5 Ncxe5 16. Nxe5 Nxe5 17. Qd4 Rac8 18. Red1 Ng6 19. Nc5 Nf4 20. Kh1 b6 21. Nb3 Qh6 22. Re1 Re6 23. Rxe6 fxe6 24. Re1 Rc4 25. Qe3 Re4 26. Qd2 Qg6 27. g3 Nd3 28. Re3 Ne5 29. Qe2 Ng4 30. Rxe4 Qxe4+ 31. Qxe4 Nxf2+ 32. Kg2 Nxe4 33. Nd4 e5 34. Ne2 Kf7 35. Kf3 Kf6 36. h4 g6 37. Ke3 Kf5 38. a4 Nd6 39. Kf3 h5 40. Nc1 Nc4 41. Ne2 a5 42. Nc1 Nb2 43. bxa5 bxa5 44. Nb3 Nxa4 45. Nxa5 Nxc3 46. Nc6 d4 47. Kf2 Nb5 48. Ne7+ Kf6 49. Nd5+ Ke6 50. Nb6 e4 51. Ke2 Nc3+ 52. Ke1 e3 53. Nc4 Kd5 54. Nb2 Ke4 55. Nc4 d3 56. Nd6+ Kd4 57. Kf1 d2 58. Kg2 d1=Q 59. Kh2 Ne2 60. Kg2 Qg1+ 61. Kf3 Qf2# 0-1

[Event "Quebec-ch U20"]
[Site "Montreal CAN"]
[Date "2017.04.22"]
[Round "3"]
[White "Guipi Bopala, Prince Eric jr"]
[Black "Yan, Alex Jikai"]
[Result "1/2-1/2"]
[WhiteElo "1832"]
[BlackElo "1136"]
[WhiteFideId "-1"]
[WhiteFideId "-1"]
[PlyCount "110"]
[GameId "2160767908411820"]
[EventDate "2017.04.21"]
[EventType "swiss"]
[EventRounds "5"]
[EventCountry "CAN"]
[SourceTitle "EXT 2022"]
[Source "ChessBase"]
[SourceDate "2021.10.06"]
[SourceVersion "1"]
[SourceVersionDate "2021.10.06"]
[SourceQuality "1"]

1. d4 d5 2. Bf4 Nf6 3. e3 Bf5 4. Nf3 Nc6 5. c3 e6 6. Nbd2 Bd6 7. Bg3 O-O 8. Be2 Re8 9. Ne5 Bxe5 10. dxe5 Ne4 11. Nxe4 Bxe4 12. O-O Qg5 13. f4 Qg6 14. Bh5 Qf5 15. Rf2 h6 16. Bh4 Na5 17. b3 c5 18. Bf3 Bxf3 19. Rxf3 Qe4 20. Rg3 Kh8 21. Qh5 Qf5 22. Qe2 Nc6 23. Qb5 Rab8 24. Rc1 Rec8 25. Rh3 b6 26. a3 Ra8 27. Bf2 Ne7 28. Qe2 a6 29. g4 Qe4 30. g5 Nf5 31. Qc2 Kg8 32. gxh6 Nxh6 33. Rg3 Nf5 34. Rh3 Nh6 35. Rg3 Nf5 36. Rg5 Qf3 37. Qd1 Qxd1+ 38. Rxd1 b5 39. Kf1 a5 40. Ke2 b4 41. cxb4 cxb4 42. axb4 axb4 43. Be1 Ra3 44. Rd3 Rc2+ 45. Kf3 Rb2 46. Bxb4 Raxb3 47. Rxb3 Rxb3 48. Bc5 d4 49. Rxf5 exf5 50. Bxd4 g6 51. Kg3 Rb1 52. Kg2 Ra1 53. Kf2 Rh1 54. Kg2 Rc1 55. Kf2 Rh1 1/2-1/2

[Event "Quebec-ch U20"]
[Site "Montreal CAN"]
[Date "2017.04.22"]
[Round "3"]
[White "Huang, Qiuyu"]
[Black "Liu, Kevin1"]
[Result "1-0"]
[WhiteElo "2159"]
[BlackElo "1438"]
[WhiteFideId "-1"]
[WhiteFideId "-1"]
[PlyCount "45"]
[GameId "2160767908411821"]
[EventDate "2017.04.21"]
[EventType "swiss"]
[EventRounds "5"]
[EventCountry "CAN"]
[SourceTitle "EXT 2022"]
[Source "ChessBase"]
[SourceDate "2021.10.06"]
[SourceVersion "1"]
[SourceVersionDate "2021.10.06"]
[SourceQuality "1"]

1. e4 c5 2. Nf3 Nc6 3. d4 cxd4 4. Nxd4 g6 5. Nc3 Bg7 6. Be3 Nf6 7. Bc4 O-O 8. Bb3 d6 9. f3 Bd7 10. Qd2 Re8 11. O-O-O a6 12. h4 b5 13. h5 Ne5 14. hxg6 Nxg6 15. g4 Bxg4 16. fxg4 Nxg4 17. Nf5 Nf6 18. Rdg1 e6 19. Nxg7 Kxg7 20. Bg5 b4 21. Ne2 h5 22. Nf4 e5 23. Nxh5+ 1-0

[Event "Quebec-ch U20"]
[Site "Montreal CAN"]
[Date "2017.04.22"]
[Round "3"]
[White "Saha, Ananda"]
[Black "Ouellet, Maili-Jade"]
[Result "0-1"]
[WhiteElo "2161"]
[BlackElo "2170"]
[WhiteFideId "-1"]
[WhiteFideId "-1"]
[PlyCount "64"]
[GameId "2160767908411823"]
[EventDate "2017.04.21"]
[EventType "swiss"]
[EventRounds "5"]
[EventCountry "CAN"]
[SourceTitle "EXT 2022"]
[Source "ChessBase"]
[SourceDate "2021.10.06"]
[SourceVersion "1"]
[SourceVersionDate "2021.10.06"]
[SourceQuality "1"]

1. d4 d5 2. c4 e6 3. Nc3 Be7 4. Nf3 Nf6 5. Bf4 O-O 6. e3 Nbd7 7. Be2 dxc4 8. Bxc4 a6 9. O-O b5 10. Bd3 Bb7 11. e4 b4 12. e5 bxc3 13. exf6 Nxf6 14. bxc3 c5 15. Qe2 Qa5 16. Bd2 Bxf3 17. gxf3 cxd4 18. cxd4 Qh5 19. Bf4 Nd5 20. Be5 Bg5 21. Kh1 Nf4 22. Qe3 Nd5 23. Qe4 f5 24. Qe2 Nc3 25. Qc2 Qxf3+ 26. Kg1 Rfc8 27. Rae1 Kh8 28. Be2 Qh3 29. f4 Bh4 30. Rc1 Qe3+ 31. Kh1 Qxe2 32. Rg1 Bf6 0-1

[Event "Quebec-ch U20"]
[Site "Montreal CAN"]
[Date "2017.04.22"]
[Round "3"]
[White "Yu, Zong Yang"]
[Black "Durette, Francis"]
[Result "1-0"]
[WhiteElo "2462"]
[BlackElo "2134"]
[WhiteFideId "-1"]
[WhiteFideId "-1"]
[PlyCount "95"]
[GameId "2160767908411824"]
[EventDate "2017.04.21"]
[EventType "swiss"]
[EventRounds "5"]
[EventCountry "CAN"]
[SourceTitle "EXT 2022"]
[Source "ChessBase"]
[SourceDate "2021.10.06"]
[SourceVersion "1"]
[SourceVersionDate "2021.10.06"]
[SourceQuality "1"]

1. d4 Nf6 2. c4 g6 3. Nc3 Bg7 4. e4 d6 5. Nf3 O-O 6. Be2 e5 7. O-O exd4 8. Nxd4 Re8 9. f3 Nc6 10. Nc2 Nh5 11. Nd5 f5 12. exf5 Bxf5 13. Nde3 Nf4 14. Rf2 Nxe2+ 15. Rxe2 Bxc2 16. Nxc2 Qh4 17. Qd5+ Kh8 18. Bg5 Rxe2 19. Bxh4 Rxc2 20. Re1 Rxb2 21. Qf7 Ne5 22. Qxc7 Nd3 23. Rd1 Nf4 24. Qxd6 Rxg2+ 25. Kh1 g5 26. Qd8+ Rxd8 27. Rxd8+ Bf8 28. Rxf8+ Kg7 29. Rxf4 Rxa2 30. Bxg5 Ra1+ 31. Kg2 Ra2+ 32. Kg3 a6 33. h4 Rc2 34. h5 b5 35. cxb5 axb5 36. Rf5 b4 37. Be7 b3 38. Bf8+ Kg8 39. Bh6 Rc8 40. Rb5 Rc3 41. Rb7 Rd3 42. Kg4 Rd6 43. Bf4 Rd3 44. h6 Rc3 45. Bd6 Re3 46. Rg7+ Kh8 47. Rf7 Re8 48. Be5+ 1-0

[Event "Quebec-ch U20"]
[Site "Montreal CAN"]
[Date "2017.04.23"]
[Round "3"]
[White "Tanaka, Tyler"]
[Black "Turgeon, Yoakim"]
[Result "1-0"]
[WhiteElo "1959"]
[BlackElo "1773"]
[WhiteFideId "-1"]
[WhiteFideId "-1"]
[PlyCount "77"]
[GameId "2160767908411825"]
[EventDate "2017.04.21"]
[EventType "swiss"]
[EventRounds "5"]
[EventCountry "CAN"]
[SourceTitle "EXT 2022"]
[Source "ChessBase"]
[SourceDate "2021.10.06"]
[SourceVersion "1"]
[SourceVersionDate "2021.10.06"]
[SourceQuality "1"]

1. e4 e5 2. Nf3 Nc6 3. Bb5 a6 4. Ba4 Nf6 5. O-O Be7 6. Re1 b5 7. Bb3 O-O 8. h3 Bb7 9. c3 d5 10. exd5 Nxd5 11. Nxe5 Nxe5 12. Rxe5 Nf4 13. d4 Nxg2 14. Qg4 Nh4 15. Nd2 Bc8 16. Qe4 Bf6 17. Rh5 Bf5 18. Rxf5 Re8 19. Rd5 Qb8 20. Qg4 Re1+ 21. Nf1 a5 22. Bg5 Rxa1 23. Bxf6 Ng6 24. Rd8+ Qxd8 25. Bxd8 Rxd8 26. Qf5 Nh8 27. Qxb5 h6 28. Qxa5 Rd6 29. Kg2 Rg6+ 30. Ng3 Rg5 31. Qxc7 Kh7 32. Bc2+ g6 33. h4 Rg4 34. h5 Kg7 35. hxg6 Nxg6 36. Bxg6 Kxg6 37. Qd6+ Kg7 38. Qe5+ Kg8 39. d5 1-0

[Event "Quebec-ch U20"]
[Site "Montreal CAN"]
[Date "2017.04.23"]
[Round "4"]
[White "Durette, Francis"]
[Black "Tanaka, Tyler"]
[Result "0-1"]
[WhiteElo "2134"]
[BlackElo "1959"]
[WhiteFideId "-1"]
[WhiteFideId "-1"]
[PlyCount "94"]
[GameId "2160767908411827"]
[EventDate "2017.04.21"]
[EventType "swiss"]
[EventRounds "5"]
[EventCountry "CAN"]
[SourceTitle "EXT 2022"]
[Source "ChessBase"]
[SourceDate "2021.10.06"]
[SourceVersion "1"]
[SourceVersionDate "2021.10.06"]
[SourceQuality "1"]

1. e4 c5 2. Nf3 d6 3. d4 cxd4 4. Nxd4 Nf6 5. Nc3 g6 6. Be3 Bg7 7. f3 Nc6 8. Qd2 O-O 9. O-O-O Nxd4 10. Bxd4 Be6 11. Kb1 Qc7 12. g4 Rfc8 13. h4 Qa5 14. a3 Rab8 15. Bxf6 Bxf6 16. Nd5 Qxd2 17. Nxf6+ Kg7 18. Rxd2 Kxf6 19. Be2 Ke5 20. c3 h6 21. Rd4 b5 22. g5 hxg5 23. hxg5 Rh8 24. Rf1 Rh4 25. a4 bxa4 26. Rxa4 Rb7 27. Ba6 Rb6 28. Bd3 Rb7 29. f4+ Rxf4 30. Ra5+ d5 31. Rxf4 Kxf4 32. exd5 Bf5 33. Kc2 Kxg5 34. c4 Bxd3+ 35. Kxd3 f5 36. c5 Kf6 37. c6 Rc7 38. Kd4 g5 39. Rb5 g4 40. Rb7 g3 41. Rb8 e5+ 42. Ke3 Rg7 43. Rf8+ Ke7 44. c7 g2 45. c8=Q g1=Q+ 46. Kd2 Qd4+ 47. Ke2 Rg2+ 0-1

[Event "Quebec-ch U20"]
[Site "Montreal CAN"]
[Date "2017.04.23"]
[Round "4"]
[White "Liu, Kevin1"]
[Black "Guipi Bopala, Prince Eric jr"]
[Result "0-1"]
[WhiteElo "1438"]
[BlackElo "1832"]
[WhiteFideId "-1"]
[WhiteFideId "-1"]
[PlyCount "48"]
[GameId "2160767908411828"]
[EventDate "2017.04.21"]
[EventType "swiss"]
[EventRounds "5"]
[EventCountry "CAN"]
[SourceTitle "EXT 2022"]
[Source "ChessBase"]
[SourceDate "2021.10.06"]
[SourceVersion "1"]
[SourceVersionDate "2021.10.06"]
[SourceQuality "1"]

1. e4 d5 2. exd5 Qxd5 3. Nc3 Qa5 4. d4 Nf6 5. Nf3 Bg4 6. Be2 Nc6 7. O-O O-O-O 8. Be3 e5 9. Qd2 Nxd4 10. Nxd4 exd4 11. Bxg4+ Nxg4 12. Bxd4 c5 13. Qg5 Rxd4 14. Ne2 Qc7 15. f4 Ne3 16. Nxd4 Nxf1 17. Nf3 Ne3 18. Re1 c4 19. Nd4 Bc5 20. Qxg7 Rd8 21. c3 Qxf4 22. Qxh7 Ng4 23. Qe4 Qxh2+ 24. Kf1 Qg3 0-1

[Event "Quebec-ch U20"]
[Site "Montreal CAN"]
[Date "2017.04.23"]
[Round "4"]
[White "Tsukerman, Julia"]
[Black "Saha, Ananda"]
[Result "0-1"]
[WhiteElo "1544"]
[BlackElo "2161"]
[WhiteFideId "-1"]
[WhiteFideId "-1"]
[PlyCount "64"]
[GameId "2160767908411830"]
[EventDate "2017.04.21"]
[EventType "swiss"]
[EventRounds "5"]
[EventCountry "CAN"]
[SourceTitle "EXT 2022"]
[Source "ChessBase"]
[SourceDate "2021.10.06"]
[SourceVersion "1"]
[SourceVersionDate "2021.10.06"]
[SourceQuality "1"]

1. e4 c5 2. Nf3 e6 3. d4 cxd4 4. Nxd4 a6 5. Bd3 Bc5 6. Nb3 Be7 7. c4 d6 8. O-O Nf6 9. Nc3 Nbd7 10. Qe2 Qc7 11. Be3 O-O 12. f4 b6 13. Rad1 Bb7 14. h3 Rfd8 15. Rfe1 Rac8 16. Bf2 Nc5 17. Nxc5 bxc5 18. e5 Nd7 19. Be4 Bxe4 20. Qxe4 dxe5 21. fxe5 Nf8 22. Qe3 Ng6 23. Bg3 Rd4 24. b3 Rcd8 25. Qe2 Qa5 26. Qc2 Bg5 27. Rxd4 cxd4 28. Ne4 Be3+ 29. Bf2 Qxe1+ 30. Kh2 Bxf2 31. Nxf2 Qxe5+ 32. Kg1 Nf4 0-1

[Event "Quebec-ch U20"]
[Site "Montreal CAN"]
[Date "2017.04.23"]
[Round "4"]
[White "Yan, Alex Jikai"]
[Black "Huang, Qiuyu"]
[Result "0-1"]
[WhiteElo "1136"]
[BlackElo "2159"]
[WhiteFideId "-1"]
[WhiteFideId "-1"]
[PlyCount "142"]
[GameId "2160767908411831"]
[EventDate "2017.04.21"]
[EventType "swiss"]
[EventRounds "5"]
[EventCountry "CAN"]
[SourceTitle "EXT 2022"]
[Source "ChessBase"]
[SourceDate "2021.10.06"]
[SourceVersion "1"]
[SourceVersionDate "2021.10.06"]
[SourceQuality "1"]

1. d4 d5 2. c4 e6 3. Nc3 Nf6 4. Bf4 Be7 5. Nf3 O-O 6. e3 c5 7. Be2 cxd4 8. exd4 a6 9. a3 dxc4 10. Bxc4 b5 11. Bb3 Bb7 12. O-O Nc6 13. Re1 Na5 14. Ba2 Rc8 15. Rc1 Bxf3 16. Qxf3 Qxd4 17. Red1 Qb6 18. b4 Nc4 19. Bxc4 Rxc4 20. Na4 Qa7 21. Rxc4 bxc4 22. Qc3 Ne4 23. Qc2 f5 24. Rf1 Qd4 25. Be3 Qd3 26. Qxd3 cxd3 27. Rd1 f4 28. Bc1 d2 29. Bxd2 Rd8 30. h3 Rxd2 31. Rxd2 Nxd2 32. Nc3 Nc4 33. Nb1 a5 34. bxa5 Nxa5 35. Kf1 Nc4 36. a4 Bb4 37. Ke2 Nb6 38. Kf3 e5 39. Ke4 Nc4 40. Kd5 Nd2 41. Nxd2 Bxd2 42. Kxe5 Kf7 43. a5 f3 44. g3 Be1 45. Ke4 Bxf2 46. Kxf3 Ba7 47. Kf4 Bb8+ 48. Kf3 Kf6 49. g4 Kg5 50. a6 Kh4 51. Kg2 g5 52. Kf3 Kxh3 53. Ke4 Kxg4 54. Kd5 Ba7 55. Kc6 h5 56. Kb7 Be3 57. a7 Bxa7 58. Kxa7 h4 59. Kb8 h3 60. Kb7 h2 61. Kb8 Kf5 62. Kc8 g4 63. Kb7 g3 64. Kb8 g2 65. Kc7 g1=R 66. Kc8 Rd1 67. Kc7 h1=R 68. Kc8 Rh2 69. Kc7 Rc2+ 70. Kb6 Rb1+ 71. Ka5 Ra2# 0-1

[Event "Quebec-ch U20"]
[Site "Montreal CAN"]
[Date "2017.04.23"]
[Round "5"]
[White "Chang, Alexander"]
[Black "Liu, Kevin1"]
[Result "1-0"]
[WhiteElo "1664"]
[BlackElo "1438"]
[WhiteFideId "-1"]
[WhiteFideId "-1"]
[PlyCount "47"]
[GameId "2160767908411832"]
[EventDate "2017.04.21"]
[EventType "swiss"]
[EventRounds "5"]
[EventCountry "CAN"]
[SourceTitle "EXT 2022"]
[Source "ChessBase"]
[SourceDate "2021.10.06"]
[SourceVersion "1"]
[SourceVersionDate "2021.10.06"]
[SourceQuality "1"]

1. d4 d5 2. Bf4 Nf6 3. e3 e6 4. c3 c5 5. Bd3 Nc6 6. Nf3 Be7 7. Nbd2 O-O 8. Ne5 Bd7 9. Ndf3 c4 10. Bc2 h6 11. Nxc6 Bxc6 12. Ne5 Bd7 13. Qf3 b5 14. g4 a5 15. h4 g6 16. Bxh6 Be8 17. Bxf8 Bxf8 18. Qf4 b4 19. h5 Bg7 20. hxg6 fxg6 21. Nxg6 Rb8 22. g5 Nh7 23. Ne7+ Qxe7 24. Bxh7+ 1-0